IATA Codes in Japanese International Airports - Statistics

General Stats
  • This quiz has been taken 23 times
  • The average score is 8 of 15
Answer Stats
International Airport Location IATA
Code
% Correct
Haneda International Airport Ōta,Tokyo HND
100%
Narita International Airport Narita,Chiba NRT
100%
Fukuoka International Airport Fukuoka,Fukuoka FUK
95%
Kansai International Airport Izumisano/Tajiri/Sennan,Osaka KIX
89%
New Chitose International Airport Chitose,Hokkaido CTS
68%
Hakodate International Airport Hakodate,Hokkaido HKD
53%
Chubu Centrair International Airport Tokoname,Aichi NGO
53%
Naha International Airport Okinawa,Okinawa OKA
53%
Hiroshima International Airport Mihara,Hiroshima HIJ
47%
Sendai International Airport Natori,Miyagi SDJ
42%
Kitakyushu International Airport Kitakyushu,Fukuoka KKJ
37%
Kagoshima International Airport Kirishima,Kagoshima KOJ
32%
Asahikawa International Airport Asahikawa,Hokkaido AKJ
26%
Kōchi International Airport Kōchi,Kōchi KCZ
21%
Akita International Airport Akita,Akita AXT
16%
No matching quizzes found
Score Distribution
Percent of People with Each Score
Percentile by Number Answered
Your Score History
You have not taken this quiz